The Endocrine system : (Record no. 1677)

MARC details
000 -LEADER
fixed length control field 01118nam a22003137a 4500
005 - DATE AND TIME OF LATEST TRANSACTION
control field 20230914114157.0
020 ## - INTERNATIONAL STANDARD BOOK NUMBER
International Standard Book Number 0920269591
020 ## - INTERNATIONAL STANDARD BOOK NUMBER
International Standard Book Number 0929269591
020 ## - INTERNATIONAL STANDARD BOOK NUMBER
International Standard Book Number 0920269605 (leatherbound)
020 ## - INTERNATIONAL STANDARD BOOK NUMBER
International Standard Book Number 0920269613 (school ed.)
040 ## - CATALOGING SOURCE
Original cataloging agency DNLM/DLC
Transcribing agency DLC
Modifying agency DLC
Language of cataloging eng
050 00 - LIBRARY OF CONGRESS CALL NUMBER
Classification number QP187
Item number .E55 1985
082 00 - DEWEY DECIMAL CLASSIFICATION NUMBER
Classification number 612/.4
Edition number 19
100 ## - MAIN ENTRY--PERSONAL NAME
Personal name Clark. John
245 04 - TITLE STATEMENT
Title The Endocrine system :
Remainder of title miraculous messengers.
260 ## - PUBLICATION, DISTRIBUTION, ETC.
Place of publication, distribution, etc. New York :
Name of publisher, distributor, etc. Torstar Books,
Date of publication, distribution, etc. 1985
300 ## - PHYSICAL DESCRIPTION
Extent 158 pages :
Other physical details color illustrations ;
Dimensions 28 cm
490 1# - SERIES STATEMENT
Series statement The Human body
500 ## - GENERAL NOTE
General note Includes index.
520 ## - SUMMARY, ETC.
Summary, etc. Describes past beliefs about hormones and modern scientific facts about their effect upon our bodies, illnesses associated with them, and future treatments of hormone deficiencies.
650 #0 - SUBJECT ADDED ENTRY--TOPICAL TERM
Topical term or geographic name entry element Endocrine glands.
650 #0 - SUBJECT ADDED ENTRY--TOPICAL TERM
Topical term or geographic name entry element Endocrinology
General subdivision Popular works.
650 #0 - SUBJECT ADDED ENTRY--TOPICAL TERM
Topical term or geographic name entry element Hormones
General subdivision Physiological effect.
650 #2 - SUBJECT ADDED ENTRY--TOPICAL TERM
Topical term or geographic name entry element Endocrine Glands
General subdivision physiology
-- popular works.
650 #2 - SUBJECT ADDED ENTRY--TOPICAL TERM
Topical term or geographic name entry element Hormone
General subdivision physiology
-- popular works.
906 ## - LOCAL DATA ELEMENT F, LDF (RLIN)
a 7
b cbc
c orignew
d 1
e ocip
f 19
g y-gencatlg
942 ## - ADDED ENTRY ELEMENTS (KOHA)
Source of classification or shelving scheme Dewey Decimal Classification
Koha item type Books
Suppress in OPAC No
999 ## -
-- 1677
-- 1677
Holdings
Withdrawn status Lost status Source of classification or shelving scheme Damaged status Not for loan Home library Current library Shelving location Date acquired Total Checkouts Full call number Barcode Date last seen Price effective from Koha item type
    Library of Congress Classification     Footprints International School Library Network Toul Kork Campus Footprints International School Library Network Toul Kork Campus   09/14/2023   CLA 612.4 QP187.E55 2023-0612 11/16/2023 09/14/2023 Books